El habitante y su esperanza (Novela)
Enregistré dans:
| Auteur principal: | |
|---|---|
| Format: | Livre |
| Langue: | Spanish |
| Publié: |
Santiago, Chile
Editorial Nascimento
1926
|
| Sujets: | |
| Tags: |
Ajouter un tag
Pas de tags, Soyez le premier à ajouter un tag!
|
MARC
| LEADER | 00000nam a2200000Ia 4500 | ||
|---|---|---|---|
| 008 | 170316s9999 xx 000 0 spa d | ||
| 040 | |a cru BVZT | ||
| 090 | |a 860 N-5h | ||
| 100 | |a Neruda, Pablo | ||
| 245 | |a El habitante y su esperanza (Novela) | ||
| 260 | |a Santiago, Chile | ||
| 260 | |b Editorial Nascimento | ||
| 260 | |c 1926 | ||
| 300 | |a 76 páginas | ||
| 650 | |a LITERATURA LATINOAMERICANA |9 15 | ||
| 650 | |a NOVELA |9 13 | ||
| 999 | |c 9007 |d 9007 | ||
| 942 | |c LIB |h 860 N-5h |2 z | ||
